Largest Cities in Africa Beginning With 'A' - Statistics

General Stats
  • This quiz has been taken 434 times
  • The average score is 10 of 18
Answer Stats
# Population Country Answer % Correct
2 6,050,000 Egypt Alexandria
100%
4 4,100,000 Algeria Algiers
100%
1 6,150,000 Ghana Accra
99%
5 4,000,000 Ethiopia Addis Ababa
99%
7 2,850,000 Madagascar Antananarivo
97%
6 3,900,000 Nigeria Abuja
96%
3 5,950,000 Cote d'Ivoire Abidjan
94%
16 380,568 Eritrea Asmara
80%
8 1,250,000 Morocco Agadir
67%
17 379,774 Egypt Aswān
47%
9 1,210,000 Nigeria Aba
45%
15 416,442 Tanzania Arusha
35%
12 528,669 Egypt Asyut
20%
18 342,703 Algeria Annaba
14%
10 735,000 Nigeria Abeokuta
13%
11 730,000 Nigeria Akure
12%
13 456,900 Ethiopia Adama
11%
14 435,000 Nigeria Ado Ekiti
5%
No matching quizzes found
Score Distribution
Percent of People with Each Score
Percentile by Number Answered
Your Score History
You have not taken this quiz